000 00338nam a2200145Ia 4500
003 OSt
005 20240311114208.0
008 170523s9999 xx 000 0 und d
020 _a978-0070965188
040 _ciimtu meerut
100 _aMOTE- VL - PAUL
245 0 _aMANAGERIAL ECONOMICS
260 _bTATA MC GRAW HILL
942 _2ddc
_c02
999 _c1334
_d1334